000 00311nam a2200109Ia 4500
001 1272293
005 20260417151425.0
008 260417s9999 xx 000 0 und d
020 _a9786256698185
245 0 _aDear Prophet Muhammad – A Letter To The Beloved
_cJenny Molendyk Divleli
260 _bKetebe Çocuk
999 _c1272293
_d1272293